000 00570nam a22002177a 4500
003 UA-OsUOA
001 100193
007 ta
008 20130522b un ||||| |||| 00| 0 ukr d
090 _a821161.2
_bТ65
942 _cBK
040 _aUA-OsUOA
_bukr
_cUA-OsUOA
_dUA-OsUOA
245 _aТрава нічого не сховає
_bромани
300 _a400 с.
955 _a3
041 _aukr
080 _a821161.2
260 _aК.
_bМолодь
_c1988
650 7 _a82 Література. Літературознавство
_2UDC
999 _c386431
_d386431